000 00645nam a22001937a 4500
999 _c17456
_d17456
003 AR-CdUCM
008 190508b ||||| |||| 00| 0 spa d
040 _aMUNICIPALIDAD PROVINCIAL DEL CUSCO
_cBIBLIOTECA MUNICIPAL DEL CUSCO
082 _a624 /
_bS79
100 _aSterling Kinney, J.
_937485
245 _aAnálisis de Estructuras Indeterminadas /
260 _aMexico :
_bCompañia editorial Continental,
_c1977.
300 _a710 paginas ;
_bIlustraciones, graficos, dibujos,
_c23 cm.
650 _aAnalisis
_92730
650 _aEstructuras
_919977
650 _aIndeterminadas
_937486
942 _2ddc
_cLIBROS
945 _apjha
_d2019-05-08